| 000 | 00569cam a2200193 4500500 | ||
|---|---|---|---|
| 005 | 20260405003832.0 | ||
| 041 | _afre | ||
| 042 | _adc | ||
| 100 | 1 | 0 |
_aMaillard, Denis _eauthor |
| 245 | 0 | 0 | _aFrantz Fanon. Une vie en révolutions |
| 260 | _c2024. | ||
| 500 | _a94 | ||
| 690 | _aAlgérie | ||
| 690 | _aFrantz Fanon | ||
| 690 | _aNoir | ||
| 690 | _aRévolution | ||
| 786 | 0 | _nPhilosophie magazine | 178 | 4 | 2024-04-01 | p. 52-52 | 1951-1787 | |
| 856 | 4 | 1 | _uhttps://shs.cairn.info/magazine-philosophie-magazine-2024-4-page-52?lang=fr&redirect-ssocas=7080 |
| 999 |
_c2071308 _d2071308 |
||